000
00302nam a22001337a 4500
008
170306b xxu||||| |||| 00| 0 eng d
020
_a
9780321461612
041
_a
eng
080
_a
611
100
_a
6
101
_a
SHM
245
_a
PHYSIO EX 7.0 FOR HUMAN PHYSIOLOGY
_c
STABLER, TH
942
_2
udc
_c
BK
999
_c
6869
_d
6869